000 00746nam a2200205Ia 4500
001 15262
003 GE_BSU
008 181216s||||||||xx |||||||||||||| ||und||
040 _cGE_BSU
080 _a821.353.1-32821.353.1-13
245 _aჩვენი საუნჯე:ქართული მწერლობა ოც ტომად. ტ.2: ძველი მწერლობა
245 _cრედ.ალ.ბარამიძე. მხატვ.ლ.გრიგოლია
260 _aთბილისი
260 _bნაკადული
260 _c1960
300 _a508გვ.23სმ.
653 _aჩვენი საუნჯე
653 _aძველი მწერლობა
942 _cBK
999 _c48374
_d48374